1285 1552 1339 1281 1453 1072 1375 1944 1589 1292 1392 1850 1378 1804 1800 1122 1384 1390 1532 1238 1312 1535 1861 1008 1039 1287 1654 1918 1895 1273 1622 1781 1069 1730 1842 1585 1279 1842 1599 1588 1151 1069 1011 1838 1709 1601 1507 1337 1552 1176 1034 1547 1882 1453 1239 1118 1916 1195 1176 1833 1144 1215 1816 1226 1619 1761 1163 1967 1697 1525 1460 1326 1833 1302 1554 1894 1569 1349 1661 1751 1978 1933 1820 1186 1319 1452 1355 1154 1298 1196 1591 1551 1198 1544 1476 1138 1807 1595 1970 BCNSPRNW ULIB Ver.6.0+V

เปลี่ยนเป็นภาษาไทย

Change to English
 แสดงรายละเอียดบรรณานุกรม
  กลับหน้าหลัก

Brief Record : Get Marc (ISO 2709) : E-mail record : QR code < ปิดหน้าต่าง
LEADER : 00000nam 2200000uu 4500
001    13399110671
003     ULIB
008    110607s2551||||th 000 0 tha d
020    9789740321637
060 04 WU101^bศ471ค 2550
100 0  ศิริมา เพ็ชรดาชัย
245 10 ความรู้ด้านการเจริญเติบโตในวัยหนุ่มสาวลักษณะคางยื่นและการใช้เฟสมาสก์ =^bEssential knowledge of pubertal growth, mandibular prognathism and face mask /^cศิริมา เพ็ชรดาชัย
246 31 Essential knowledge of pubertal growth, mandibularprognathism and face mask
260    [กรุงเทพฯ] :^bภาควิชาทันตกรรมจัดฟัน คณะทันตแพทยศาสตร์จุฬาลงกรณ์มหาวิทยาลัย,^c[2551?]
300    ก-ฒ, 256, [108], xxvii หน้า :^bภาพประกอบ ;^c30 ซม.
650  7 ขากรรไกร^xการเจริญเติบโต
650  7 กะโหลกศีรษะ^xการเจริญเติบโต
650  7 ใบหน้า^xการเจริญเติบโต
650  7 หน้า^xการเจริญเติบโต
650  7 ทันตกรรมจัดฟัน
650  7 ภาวะคางยื่น
710 2  จุฬาลงกรณ์มหาวิทยาลัย. ^bคณะทันตแพทยศาสตร์.^bภาควิชาทันตกรรมจัดฟัน
945    ^p520^l0^i023751
945    ^p520^l0^i023750
945    ^p520^l0^i023749
945    ^p520^l0^i023748
995    เกษร
999 ^a ใช้งานได้ทุกระบบ
รายการนี้ยังไม่มีแท็ก
คุณยังไม่ได้ล็อกอิน คุณสามารถมีกิจกรรมร่วมกับเว็บไซต์ได้ แต่ต้องล็อกอินก่อน ::
  ล็อกอิน

รายการสื่อสารสนเทศ

ลำดับที่ ประเภท เลขเรียก/บาร์โค้ด สถานที่ สถานะ
- ไม่พบข้อมูล -

รายการใกล้เคียง
    ผู้แต่ง [ศิริมา เพ็ชรดาชัย]

    หัวเรื่อง [ทันตกรรมจัดฟัน]
    หัวเรื่อง [ภาวะคางยื่น]

BibComment


ยังไม่เคยถูกคอมเมนท์

คอมเมนท์ทรัพยากรรายการนี้
  คอมเมนท์: ความรู้ด้านการเจร..


 Copyright 2026. Bcnsprnw @Library